| 000 | 00752nam a22002177a 4500 | ||
|---|---|---|---|
| 005 | 20150319124537.0 | ||
| 008 | 150319b xxu||||| |||| 00| 0 eng d | ||
| 020 | _a9781606505489 | ||
| 040 | _aEG-ScBUE | ||
| 082 | 0 | 0 |
_222 _a621.40220113 _bFRI |
| 100 | 1 | _aFridman, Ella. | |
| 245 | 1 | 0 |
_aHeat transfer virtual lab for students and engineers : _btheory and guide for setting up / _cElla Fridman and Harshad S. Mahajan. |
| 260 |
_aNew York : _bMomentum Press, _cc.2014. |
||
| 300 |
_axi, 111 p. : _bill. ; _c23 cm. |
||
| 490 | 0 | _aThermal science and energy engineering collection. | |
| 650 | 0 |
_aHeat _xTransmission _xComputer simulation |
|
| 653 |
_bENGMEC _cMarch2015 |
||
| 655 |
_vreading book _934232 |
||
| 700 | 1 | _aMahajan, Harshad S. | |
| 942 | _2ddc | ||
| 999 |
_c19081 _d19053 |
||